Les Tonga pour les touristes... - Statistiques

Statistiques générales
  • Ce quiz a été pris 3 fois
  • Le résultat moyen est 9 sur 21
Statistiques - réponses
Question Indice Réponses % Correct
Quelles sont les langues officielles ? Anglais
100%
La conduite se fait à droite ou à gauche ? Gauche
100%
Avez-vous besoin d'un visa ? (oui/non) Non
100%
Dans la capitale y-a-t-il un décalage horaire avec Paris ? (oui/non) Oui
100%
Le suffixe internet est to
100%
Quel est le climat local ? T Tropical
100%
La vitesse est limitée hors agglomération {110} km/h
67%
Achats à faire 2/ Sculptures en Bois
67%
Combien d'heures (environ) mettrez-vous pour vous y rendre ? (en chiffres) 38
33%
Quelles sont les principaux lieux touristiques ? SJ Cathédrale {Saint-Joseph}
33%
A quelle région appartient ce pays P Polynésie
33%
La religion majoritaire est Protestantisme
33%
Comment se nomme la principale compagnie aérienne locale AT Airlines Tonga
0%
Quelles sont les principaux lieux touristiques ? E {Eglise} libre de Tonga
0%
Le principal aéroport est à F Fua'amotu
0%
Quelle est la monnaie ? Pa'anga
0%
Achats à faire 3/ Petits bijoux à suspendre Pendentif
0%
Achats à faire 1/ Peintures appelées Tapa
0%
Quelles sont les principaux lieux touristiques ? T Tombes {royales}
0%
langues Tongan
0%
Quelles sont les principaux lieux touristiques ? T {Trilithon} de Ha'amonga'a
0%
Aucun quiz correspondant
Distribution des résultats
% des personnes avec chaque résultat
Percentile par nombre de réponses
Votre historique - résultats
Vous n’avez pas pris ce quiz